Statistics for Notable Nobelists

Click here to take the quiz!

General Stats

  • This quiz has been taken 13,934 times
    (10,944 since last reset)
  • The average score is 11 of 20

Answer Stats

PrizeYearHintAnswer% Correct
Peace2009Newly elected President whose win puzzled manyBarack Obama
95%
Peace1993Brought an end to apartheid in South AfricaNelson Mandela
94%
Physics1921Came up with the Theory of RelativityAlbert Einstein
91%
Physics,
Chemistry
1903, 1911First woman to win. First person to win twice.Marie Curie
89%
Literature1954American author known for his white beard
and heavy drinking
Ernest Hemingway
68%
Literature2016First person to win a prize for their songwritingBob Dylan
66%
Peace1999Group also known as Médecins Sans FrontièresDoctors Without Borders
66%
Literature1953British politician who wrote
"A History of the English-Speaking Peoples"
Winston Churchill
60%
Medicine1945Discovered penicillinAlexander Fleming
58%
Peace1994PLO leader who briefly ceased hostilitiesYasser Arafat
57%
Medicine1962Discovered the structure of DNAFrancis Crick
48%
Medicine1962Discovered the structure of DNAJames Watson
46%
Literature1982Colombian author known for "magical realism"Gabriel García Márquez
38%
Physics1922Danish quantum theoristNiels Bohr
38%
Literature1964
(declined)
Existentialist French author whose partner
was Simone de Beauvoir
Jean-Paul Sartre
37%
Literature1969Absurdist Irish playwright who wrote "Waiting for Godot"Samuel Beckett
33%
Peace1993Brought an end to apartheid in South AfricaF. W. de Klerk
31%
Economics1994Game theorist who was the subject of the movie
"A Beautiful Mind"
John Nash
28%
Economics1976Most well-known of the "Chicago School" economistsMilton Friedman
22%
Chemistry,
Peace
1954, 1962Brilliant chemist, anti-nuclear activist, vitamin C quackLinus Pauling
14%

Score Distribution

Percentile by Number Answered

Percent of People with Each Score

Your Score History

You have not taken this quiz since the last reset